Bomburova šabľa jubiluje o 10. ročníku medzinárodnej súťaže kresleného humoru a satiry v Brezne

Bibliographic Details
Main Author: Rakyta, Daniel, 1942- (Author)
Format: Article
Language:Slovak
ISSN:1335-4515
Subjects:

MARC

LEADER 00000nab a2200000 ar4500
001 vtls008408924
003 SK-MaSNL
005 20260303070114.0
008 051110c2005 xo mr|p|||||||000 b|slo
015 |a SNBRB2005/11  |2 snkbucl 
038 |a SNKBUCL 
040 |a SNKBUCL  |b slo  |c SNKBUCL  |e AACR2 
041 0 |a slo 
044 |a xo  |c SK 
080 |a 741.5:061.4  |2 UDC-MRF-SK2 
100 1 |a Rakyta, Daniel,  |d 1942-   |4 aut  |9 77550 
245 1 0 |a Bomburova šabľa jubiluje  |b o 10. ročníku medzinárodnej súťaže kresleného humoru a satiry v Brezne  |c Daniel Rakyta 
611 2 7 |a Medzinárodná súťaž kresleného humoru a satiry O Bomburovu šabľu  |n 10.  |d 2005  |c Brezno, Slovensko  |2 snkbucl  |9 1067086 
650 0 7 |a kreslený humor  |2 snkbucl  |9 1766 
650 0 7 |a satira  |2 snkbucl  |9 1764 
773 0 |t Národná osveta  |g Roč. XV, č. 10 (2005), s. 14  |x 1335-4515 
852 |a SNK  |b KIS3GCP 
958 |a SK 
999 |c 1753983  |d 1755913